La evaluación de la acción cultural y estudio evaluativo del programa padres e hijos (pph).

-д хадгалсан:
Номзүйн дэлгэрэнгүй
Үндсэн зохиолч: Richards, Howard (autor)
Формат: Ном
Хэл сонгох:испани
Нөхцлүүд:
Шошгууд: Шошго нэмэх
Шошго байхгүй, Энэхүү баримтыг шошголох эхний хүн болох!

MARC

LEADER 00000cam^a2200000uu^4500
001 000479967
005 20250521000000.0
008 050901s1985^^^^^^^^^^^^rd^r^^000^0^spa^d
009 20260310124950.913
035 |a FCE 000022974 
035 |a FCE 004153 
037 |a Acervo ITESO - Biblioteca 
041 |a spa 
082 0 4 |a 371.104  |b RICe 
100 |a Richards, Howard  |e (autor) 
245 1 3 |a La evaluación de la acción cultural y estudio evaluativo del programa padres e hijos (pph). 
264 |a Santiago de Chile :  |b CIDE,  |c 1985. 
300 |a 246 p. 
336 |a texto  |b txt  |2 rdacontenido 
337 |a sin mediación  |b n  |2 rdamedio 
338 |a volumen  |b nc  |2 rdasoporte 
649 |a XX 
650 |a Programa de educación 
650 |a Relación padres-hijos 
650 |a Evaluación educativa 
650 |a Chile 
910 |a Fondo Centro de Estudios Educativos 
920 |a Impresos - Libros 
930 |a Fondos Especiales 
905 |a 133 
901 |a ALE004153  |b IT2  |c CEE  |u 20250521 
901 |a ALE042126  |b IT2  |c CEE  |u 20250521 
902 |a https://opac.biblio.iteso.mx/vufind/Record/000479967